01002cam a2200265 i 4500003000900000005001700009007000300026008004100029020001800070040003000088082002000118100003300138245002900171264006700200300002600267336002700293337003400320338002800354590002700382910001400409942001400423952013800437952014400575999001700719DO-SdBNP20231004132507.0ta751003s2018 xxu 000 f spa d a9781418597931 aDO-SdBNPbspacBNPHUerda 4a746.9bG7242221 aGoyso, JomariqSolana98435813aDesnudo /cJomari Goyso  1aTennessee, Estados Unidos :bHarper Collins español, c2018. a288 páginasc23 cm. 2rdacontentatextobtxt 2rdamediaasin mediación bn 2rdacarrieravolumenbnc aInventariado, 2023/ YL aYlockward 2ddccLBS1 00102ddc56708GRaBNPHUbBNPHUcCTd2019-02-02eLibrería Cuestal0oBNPHU GR 746.9 G724p2023-6640r2023-10-03w2023-10-03yLBS1 00102ddc56708GRaBNPHUbBNPHUcCTd2019-02-02eLibrería Cuestal0oBNPHU GR 746.9 G724p2023-6641r2023-10-03te. 2w2023-10-03yLBS1 c55063d55063